<?xml version="1.0" encoding="UTF-8"?>
<record
    xmlns:xsi="http://www.w3.org/2001/XMLSchema-instance"
    xsi:schemaLocation="http://www.loc.gov/MARC21/slim http://www.loc.gov/standards/marcxml/schema/MARC21slim.xsd"
    xmlns="http://www.loc.gov/MARC21/slim">

  <leader>00684nam a22002057a 4500</leader>
  <controlfield tag="003">0</controlfield>
  <controlfield tag="005">20230824081835.0</controlfield>
  <controlfield tag="008">230824b        xxu||||| |||| 00| 0 eng d</controlfield>
  <datafield tag="020" ind1=" " ind2=" ">
    <subfield code="a">978-621-427-130-6</subfield>
  </datafield>
  <datafield tag="050" ind1=" " ind2=" ">
    <subfield code="a">TX 911.3 </subfield>
    <subfield code="b">.So66 2023</subfield>
  </datafield>
  <datafield tag="100" ind1=" " ind2=" ">
    <subfield code="a">Somoray, Ana Marie M. </subfield>
  </datafield>
  <datafield tag="245" ind1=" " ind2=" ">
    <subfield code="a">Risk management as applied to safety, security, and sanitation</subfield>
    <subfield code="c">Ana Marie M. Somoray</subfield>
  </datafield>
  <datafield tag="260" ind1=" " ind2=" ">
    <subfield code="a">Manila</subfield>
    <subfield code="b">Unlimited Books Library Services &amp; Publishing Inc. </subfield>
    <subfield code="c">c2023.</subfield>
  </datafield>
  <datafield tag="300" ind1=" " ind2=" ">
    <subfield code="a">x, 188 pages :</subfield>
    <subfield code="b">ill. </subfield>
    <subfield code="c">23 cm. </subfield>
  </datafield>
  <datafield tag="500" ind1=" " ind2=" ">
    <subfield code="a">Food risk management.</subfield>
  </datafield>
  <datafield tag="504" ind1=" " ind2=" ">
    <subfield code="a">Includes bibliographical references. </subfield>
  </datafield>
  <datafield tag="650" ind1=" " ind2=" ">
    <subfield code="a">Food risk management.</subfield>
  </datafield>
  <datafield tag="650" ind1=" " ind2=" ">
    <subfield code="a">Food sanitation. </subfield>
  </datafield>
  <datafield tag="942" ind1=" " ind2=" ">
    <subfield code="2">lcc</subfield>
    <subfield code="c">BK</subfield>
  </datafield>
  <datafield tag="999" ind1=" " ind2=" ">
    <subfield code="c">365197</subfield>
    <subfield code="d">365197</subfield>
  </datafield>
  <datafield tag="952" ind1=" " ind2=" ">
    <subfield code="0">0</subfield>
    <subfield code="1">0</subfield>
    <subfield code="2">lcc</subfield>
    <subfield code="4">0</subfield>
    <subfield code="a">CL</subfield>
    <subfield code="b">CL</subfield>
    <subfield code="c">FIL</subfield>
    <subfield code="d">2023-08-24</subfield>
    <subfield code="e">Library Fund</subfield>
    <subfield code="k">FIL</subfield>
    <subfield code="l">0</subfield>
    <subfield code="o">TX 911.3  .So66 2023</subfield>
    <subfield code="p">C22881</subfield>
    <subfield code="r">2023-08-24 00:00:00</subfield>
    <subfield code="w">2023-08-24</subfield>
    <subfield code="y">BK</subfield>
  </datafield>
</record>
